Οι φιλόσοφοι παίζουν μπάλα

Αποθηκεύτηκε σε:
Λεπτομέρειες βιβλιογραφικής εγγραφής
Κύριος συγγραφέας: Perryman, Mark
Άλλοι συγγραφείς: Πανούτσος, Αντώνης (Συγγραφέας εισαγωγής κ.λπ.)
Μορφή: Βιβλίο
Γλώσσα:Greek
English
Δημοσίευση: Αθήνα : Αλεξάνδρεια, 2006
Θέματα:
Ετικέτες: Προσθήκη ετικέτας
Δεν υπάρχουν, Καταχωρήστε ετικέτα πρώτοι!

MARC

LEADER 00000cam a2200000 i 4500
001 1/12245
008 110304s2006 gre d
020 |a 960-221-343-4 
035 |l 10109712 
040 |a GR-MY-UA  |b gre  |e aacr 
041 1 |a gre  |h eng 
082 0 |a 796.3340922  |2 (22) 
100 1 |a Perryman, Mark. 
245 1 3 |a Οι φιλόσοφοι παίζουν μπάλα /  |c Mark Perryman ; εισαγωγή: Αντώνης Πανούτσος ; επίμετρο: Κώστας Θ. Καλφόπουλος ; μετάφραση, σημειώσεις: Αλέξανδρος Φιλιππίδης 
260 |a Αθήνα :   |b Αλεξάνδρεια,   |c 2006 
300 |a 189 σ.;  |b εικ.;  |c 17 εκ. 
500 |a Τίτλος πρωτοτύπου: Philosophy football 
650 0 0 |a Soccer  |x Humor. 
650 0 0 |a Philosophers  |x Humor. 
700 1 |a Πανούτσος, Αντώνης.  |4 aui 
700 0 |4 oth  |a Καλφόπουλος, Κώστας Θ.,   |d 1956- 
852 |a INST  |b SYROS  |e 20110304  |h 796.3340922 PER  |p 005500009312  |q 005500009312  |t BK  |y 0 
901 |a BIBL5-2011-1 
909 |a Ε  |b 160441 
970 |a ΚΟΝΤΟΥ  |b ΠΑΡΑΣΚΕΥΗ  |z 2011/03/04